[Event "St Petersburg Korchnoi Memorial op"]
[Site "St Petersburg"]
[Date "2019.08.21"]
[Round "8"]
[White "Khajrutdinov, Ildar"]
[Black "Kavyev, Ruslan"]
[Result "0-1"]
[WhiteElo "2058"]
[BlackElo "2187"]
[PlyCount "118"]
[EventDate "2019.08.14"]
[EventType "swiss"]
[EventRounds "9"]
[EventCountry "RUS"]
[SourceTitle "CBM 192"]
[Source "ChessBase"]
[SourceDate "2019.10.31"]
[SourceVersion "1"]
[SourceVersionDate "2019.10.31"]
[SourceQuality "1"]

1. d4 Nf6 2. c4 g6 3. Nc3 d5 4. cxd5 Nxd5 5. e4 Nxc3 6. bxc3 Bg7 7. Nf3 c5 8. Rb1 0-0 9. Be2 b6 10. 0-0 Bb7 11. e5 Qc7 12. Be3 Rd8 13. Qa4 Nd7 14. e6 fxe6 15. Ng5 Nf8 16. Bg4 Qc8 17. dxc5 h6 18. Nf3 bxc5 19. Qa3 Be4 20. Rb5 Bf5 21. Rxc5 Qb7 22. Bxf5 exf5 23. Qb3+ Qxb3 24. axb3 Ne6 25. Rc6 Kf7 26. g3 a5 27. Re1 Rdc8 28. Rxc8 Rxc8 29. Nd4 Nc5 30. b4 axb4 31. cxb4 Nd3 32. Rb1 Rc4 33. Nf3 Rxb4 34. Rd1 Rb3 35. Bxh6 Nb2 36. Ng5+ Ke8 37. Bxg7 Nxd1 38. h4 Nc3 39. Kg2 Nd5 40. Be5 Nf6 41. Ne6 Rb6 42. Nf4 Kf7 43. Nd3 Ng4 44. Bd4 Rd6 45. Ne5+ Nxe5 46. Bxe5 Rd3 47. Bf4 Ke6 48. Kf1 Kd5 49. Bb8 Ke4 50. Kg2 e5 51. Bc7 f4 52. gxf4 exf4 53. Bb6 f3+ 54. Kg3 Rd1 55. Kh2 Kd3 56. Kg3 Ke2 57. Kh2 Rf1 58. Kg3 Rg1+ 59. Kf4 Rg2 0-1

[Event "St Petersburg Korchnoi Memorial op"]
[Site "St Petersburg"]
[Date "2019.08.19"]
[Round "6"]
[White "Khajrutdinov, Ildar"]
[Black "Arutyunova, Yuliya"]
[Result "1-0"]
[WhiteElo "2058"]
[BlackElo "1831"]
[PlyCount "85"]
[EventDate "2019.08.14"]
[EventType "swiss"]
[EventRounds "9"]
[EventCountry "RUS"]
[SourceTitle "CBM 192"]
[Source "ChessBase"]
[SourceDate "2019.10.31"]
[SourceVersion "1"]
[SourceVersionDate "2019.10.31"]
[SourceQuality "1"]

1. d4 Nf6 2. c4 e6 3. Nf3 b6 4. g3 Bb7 5. Bg2 Be7 6. Nc3 0-0 7. 0-0 d5 8. cxd5 Nxd5 9. Qc2 Nb4 10. Qb1 N8c6 11. Rd1 Nd5 12. Nxd5 exd5 13. a3 a5 14. Qc2 Bf6 15. Bf4 Re8 16. Rac1 Qe7 17. e3 g5 18. Be5 Bxe5 19. dxe5 g4 20. Nd4 Nxe5 21. Qxc7 Nc4 22. Rxc4 dxc4 23. Qxb7 Qxb7 24. Bxb7 Ra7 25. Bc6 Re5 26. a4 Rc5 27. Rc1 Rc7 28. Bb5 Kg7 29. Ne2 Kf6 30. Rd1 Ke5 31. Nc3 h5 32. Rd4 f5 33. Be8 Rh7 34. Bb5 h4 35. gxh4 Rxh4 36. Bxc4 Rc8 37. Rd5+ Kf6 38. Bd3 Rch8 39. Rxf5+ Ke6 40. Rg5 Kf6 41. Ne4+ Ke7 42. Ng3 Rxh2 43. Rxg4 1-0

[Event "St Petersburg Korchnoi Memorial op"]
[Site "St Petersburg"]
[Date "2019.08.17"]
[Round "4"]
[White "Khajrutdinov, Ildar"]
[Black "Grubova, Sofia"]
[Result "1/2-1/2"]
[WhiteElo "2058"]
[BlackElo "1802"]
[PlyCount "45"]
[EventDate "2019.08.14"]
[EventType "swiss"]
[EventRounds "9"]
[EventCountry "RUS"]
[SourceTitle "CBM 192"]
[Source "ChessBase"]
[SourceDate "2019.10.31"]
[SourceVersion "1"]
[SourceVersionDate "2019.10.31"]
[SourceQuality "1"]

1. d4 Nf6 2. c4 g6 3. Nc3 Bg7 4. e4 d6 5. Nf3 0-0 6. Be2 e5 7. 0-0 Nc6 8. d5 Ne7 9. Ne1 Nd7 10. Nd3 f5 11. Bd2 f4 12. f3 g5 13. b4 b6 14. c5 Rf6 15. cxd6 cxd6 16. Rc1 a6 17. Be1 Qe8 18. Bf2 Rh6 19. Kh1 Rb8 20. Nb1 Nf6 21. Rc7 Nh5 22. Kg1 Nf6 23. Kh1 1/2-1/2

[Event "Voronezh op-B 23rd"]
[Site "Voronezh"]
[Date "2019.06.19"]
[Round "8"]
[White "Selensky, Andrei"]
[Black "Khajrutdinov, Ildar"]
[Result "0-1"]
[WhiteElo "2006"]
[BlackElo "2063"]
[PlyCount "58"]
[EventDate "2019.06.12"]
[EventType "swiss"]
[EventRounds "9"]
[EventCountry "RUS"]
[SourceTitle "CBM 191 Extra"]
[Source "ChessBase"]
[SourceDate "2019.09.30"]
[SourceVersion "1"]
[SourceVersionDate "2019.09.30"]
[SourceQuality "1"]

1. d4 Nf6 2. Nf3 e6 3. Bg5 c5 4. e3 Qb6 5. Nbd2 Qxb2 6. Bc4 Nc6 7. Rb1 Qc3 8. Rb3 Qa5 9. Bxf6 gxf6 10. d5 Nb4 11. 0-0 b5 12. dxe6 bxc4 13. Nxc4 Qa6 14. exf7+ Kxf7 15. Nfe5+ fxe5 16. Qh5+ Ke7 17. Qxe5+ Qe6 18. Qxh8 Qxc4 19. Qxh7+ Kd8 20. e4 Kc7 21. Qf5 Bb7 22. Rd1 Qe6 23. a3 Qxf5 24. exf5 Nxc2 25. Rc3 Bc6 26. f4 Nd4 27. Kf2 Rb8 28. Rd2 Nxf5 29. g4 Nd6 0-1

[Event "St Petersburg Korchnoi Memorial op"]
[Site "St Petersburg"]
[Date "2018.08.15"]
[Round "1"]
[White "Khajrutdinov, Ildar"]
[Black "Kokarev, Dmitry"]
[Result "0-1"]
[WhiteElo "2097"]
[BlackElo "2608"]
[PlyCount "60"]
[EventDate "2018.08.15"]
[EventType "swiss"]
[EventRounds "9"]
[EventCountry "RUS"]
[SourceTitle "CBM 186 Extra"]
[Source "ChessBase"]
[SourceDate "2018.08.24"]
[SourceVersion "1"]
[SourceVersionDate "2018.08.24"]
[SourceQuality "1"]

1. Nf3 c5 2. c4 g6 3. Nc3 Bg7 4. g3 Nc6 5. Bg2 e6 6. 0-0 Nge7 7. d3 0-0 8. Bd2 d5 9. cxd5 exd5 10. Qc1 b6 11. Bh6 d4 12. Bxg7 Kxg7 13. Ne4 Be6 14. h4 h6 15. Ned2 Nd5 16. Nc4 Qc7 17. e4 dxe3 18. Nxe3 Nxe3 19. Qxe3 Rad8 20. a3 a5 21. Rac1 Qd6 22. Rc3 Nd4 23. Re1 Bg4 24. Ne5 Rfe8 25. Nxg4 Rxe3 26. Nxe3 a4 27. Nc4 Qf6 28. f4 Nb5 29. Rcc1 Rxd3 30. Kh2 Nd4 0-1

[Event "Voronezh op-B 22nd"]
[Site "Voronezh"]
[Date "2018.06.14"]
[Round "3"]
[White "Krupin, Victor"]
[Black "Khajrutdinov, Ildar"]
[Result "1/2-1/2"]
[WhiteElo "1938"]
[BlackElo "2106"]
[PlyCount "101"]
[EventDate "2018.06.12"]
[EventType "swiss"]
[EventRounds "9"]
[EventCountry "RUS"]
[SourceTitle "CBM 185 Extra"]
[Source "ChessBase"]
[SourceDate "2018.07.29"]
[SourceVersion "1"]
[SourceVersionDate "2018.07.29"]
[SourceQuality "1"]

1. e4 c5 2. Nf3 e6 3. d4 cxd4 4. Nxd4 a6 5. c4 Nf6 6. Nc3 d6 7. Be3 Be7 8. Be2 0-0 9. 0-0 Nbd7 10. Rc1 Re8 11. Kh1 Bf8 12. Qd2 Ne5 13. f3 Ng6 14. Rfd1 Qc7 15. Nc2 b6 16. b3 Bb7 17. Na4 Nd7 18. b4 Bc6 19. Nb2 a5 20. b5 Bb7 21. Na4 Rad8 22. Qe1 Nc5 23. Nc3 Be7 24. Nd4 Bf6 25. Nb3 Be5 26. g3 h5 27. Bf1 h4 28. Bg2 Qe7 29. Nxc5 dxc5 30. f4 Bc7 31. Qf2 Rxd1+ 32. Rxd1 Rd8 33. Rd2 hxg3 34. hxg3 Rxd2 35. Qxd2 Qd8 36. Qxd8+ Bxd8 37. e5 Bxg2+ 38. Kxg2 f6 39. exf6 gxf6 40. Ne4 f5 41. Nd6 Kf8 42. Nc8 Bc7 43. Na7 Ne7 44. a4 Bb8 45. Nc6 Nxc6 46. bxc6 Ke7 47. Kh3 Kd6 48. g4 fxg4+ 49. Kxg4 Kxc6 50. f5 exf5+ 51. Kxf5 1/2-1/2

[Event "Voronezh op-B 21st"]
[Site "Voronezh"]
[Date "2017.06.20"]
[Round "9"]
[White "Khajrutdinov, Ildar"]
[Black "Garafutdinov, Ainur"]
[Result "1-0"]
[WhiteElo "2087"]
[BlackElo "1998"]
[PlyCount "63"]
[EventDate "2017.06.12"]
[EventType "swiss"]
[EventRounds "9"]
[EventCountry "RUS"]
[SourceTitle "CBM 179 Extra"]
[Source "ChessBase"]
[SourceDate "2017.08.23"]
[SourceVersion "1"]
[SourceVersionDate "2017.08.23"]
[SourceQuality "1"]

1. d4 f5 2. g3 Nf6 3. Bg2 d6 4. Nc3 g6 5. e4 fxe4 6. Nxe4 Nxe4 7. Bxe4 Nd7 8. Nf3 Nf6 9. Bd3 c6 10. c3 Qb6 11. Ng5 Rg8 12. Qe2 Qc7 13. Bd2 Bd7 14. 0-0-0 0-0-0 15. Bc4 d5 16. Bd3 b5 17. Bf4 Qb7 18. f3 Re8 19. g4 Bh6 20. h4 Rgf8 21. Bg3 c5 22. Kb1 Qc6 23. Qe5 Kb7 24. dxc5 Qxc5 25. Ne6 Bxe6 26. Qxe6 Bg7 27. Rhe1 Ng8 28. Qd7+ Ka8 29. Bxb5 Rc8 30. Rxd5 Qb6 31. Bf2 Qc7 32. Bc6+ 1-0

[Event "Voronezh op-A 20th"]
[Site "Voronezh"]
[Date "2016.06.19"]
[Round "8"]
[White "Khajrutdinov, Ildar"]
[Black "Bezdenezhnyh, Pavel"]
[Result "1-0"]
[WhiteElo "2122"]
[BlackElo "2200"]
[PlyCount "159"]
[EventDate "2016.06.12"]
[EventType "swiss"]
[EventRounds "9"]
[EventCountry "RUS"]
[SourceTitle "EXT 2019"]
[Source "ChessBase"]
[SourceDate "2018.10.10"]
[SourceVersion "1"]
[SourceVersionDate "2018.10.10"]
[SourceQuality "1"]

1. d4 Nf6 2. c4 g6 3. Nc3 d5 4. cxd5 Nxd5 5. e4 Nxc3 6. bxc3 Bg7 7. Nf3 0-0 8. Rb1 c5 9. Be2 Nc6 10. d5 Bxc3+ 11. Bd2 Bxd2+ 12. Qxd2 Nd4 13. Nxd4 cxd4 14. Qxd4 Qa5+ 15. Qd2 Qxd2+ 16. Kxd2 Rd8 17. Ke3 b6 18. Rhc1 e6 19. Bc4 Kf8 20. dxe6 fxe6 21. Bb3 g5 22. Rc7 Ba6 23. Rd1 Rxd1 24. Bxd1 Rd8 25. Bc2 Rc8 26. Rxa7 Bf1 27. Bb3 Bxg2 28. Bxe6 Rc3+ 29. Kd4 Rf3 30. Ke5 Bh3 31. Bf5 Bxf5 32. exf5 Rxf2 33. Kf6 Ke8 34. Rxh7 Rxa2 35. Re7+ Kd8 36. Rb7 Rf2 37. Kg6 g4 38. f6 Rf3 39. Kg7 g3 40. hxg3 Rxg3+ 41. Kf8 Rb3 42. Rg7 Rf3 43. f7 Kd7 44. Rg6 b5 45. Rb6 Rf5 46. Kg7 Ke7 47. Rb7+ Kd6 48. Rxb5 Rxb5 49. f8Q+ Kd5 50. Kf6 Rb2 51. Qd8+ Ke4 52. Ke6 Re2 53. Qh4+ Kd3+ 54. Kd5 Re3 55. Qc4+ Kd2 56. Kd4 Re2 57. Qa4 Ke1 58. Qa5+ Kf2 59. Qa1 Rd2+ 60. Ke4 Re2+ 61. Kf4 Rd2 62. Qh8 Ke2 63. Ke4 Kd1 64. Qh6 Kc2 65. Ke3 Rd3+ 66. Ke2 Rc3 67. Qb6 Rc4 68. Qb5 Kc3 69. Ke3 Rb4 70. Qc5+ Kb3 71. Kd3 Ka4 72. Qd5 Rb5 73. Qd8 Kb4 74. Kd4 Kb3 75. Qg8+ Ka4 76. Kc4 Rb4+ 77. Kc3 Rb6 78. Qd5 Ra6 79. Qc5 Rb6 80. Qxb6 1-0

[Event "Voronezh op-A 20th"]
[Site "Voronezh"]
[Date "2016.06.18"]
[Round "7"]
[White "Protopopova, Anastasiya"]
[Black "Khajrutdinov, Ildar"]
[Result "1/2-1/2"]
[WhiteElo "2242"]
[BlackElo "2122"]
[PlyCount "84"]
[EventDate "2016.06.12"]
[EventType "swiss"]
[EventRounds "9"]
[EventCountry "RUS"]
[SourceTitle "EXT 2019"]
[Source "ChessBase"]
[SourceDate "2018.10.10"]
[SourceVersion "1"]
[SourceVersionDate "2018.10.10"]
[SourceQuality "1"]

1. Nf3 d5 2. d4 Nf6 3. c4 c6 4. e3 g6 5. Nc3 Bg7 6. Be2 0-0 7. 0-0 dxc4 8. Bxc4 Bg4 9. h3 Bxf3 10. Qxf3 Nbd7 11. Rd1 e5 12. d5 e4 13. Nxe4 Nxe4 14. Qxe4 Nb6 15. Bb3 cxd5 16. Qf3 Qe7 17. Rb1 Qe4 18. Qxe4 dxe4 19. Bd2 Rfd8 20. Ba5 Be5 21. Bxb6 axb6 22. Bd5 Kf8 23. Bxe4 Rxd1+ 24. Rxd1 Rxa2 25. g4 Ke7 26. b3 Ra1 27. Rxa1 Bxa1 28. Bxb7 h6 29. Bd5 f5 30. Kf1 Kf6 31. Bb7 Be5 32. f4 Bd6 33. gxf5 gxf5 34. Bc8 Bc5 35. Ke2 Kg6 36. Kf3 Kf6 37. e4 fxe4+ 38. Kxe4 Bg1 39. f5 Bf2 40. Kd5 Be3 41. Be6 Bf2 42. Kd6 Be3 1/2-1/2

[Event "Kaluga Tsiolkovsky Memorial op"]
[Site "Kaluga"]
[Date "2013.08.09"]
[Round "7"]
[White "Martynyuk, Elizaveta"]
[Black "Khajrutdinov, Ildar"]
[Result "1/2-1/2"]
[WhiteElo "1972"]
[BlackElo "2094"]
[PlyCount "60"]
[EventDate "2013.08.03"]
[EventType "swiss"]
[EventRounds "9"]
[EventCountry "RUS"]
[SourceTitle "CBM 156 Extra"]
[Source "ChessBase"]
[SourceDate "2013.10.22"]
[SourceVersion "1"]
[SourceVersionDate "2013.10.22"]
[SourceQuality "1"]

1. e4 e5 2. Nf3 Nf6 3. Nxe5 d6 4. Nf3 Nxe4 5. Nc3 Nxc3 6. dxc3 Be7 7. Bd3 Nd7 8. Be3 Nc5 9. Bxc5 dxc5 10. Qe2 0-0 11. 0-0-0 Bd6 12. h4 Qf6 13. Ng5 Bf5 14. Ne4 Bxe4 15. Qxe4 Qf4+ 16. Kb1 Qxe4 17. Bxe4 Rab8 18. Rhe1 Rfe8 19. a3 g6 20. h5 Kg7 21. hxg6 hxg6 22. Bf3 b6 23. Bc6 Rxe1 24. Rxe1 Rh8 25. Ka2 a5 26. Kb3 Rh5 27. Kc4 Re5 28. Rxe5 Bxe5 29. Kd3 f5 30. Be8 Kf6 1/2-1/2

[Event "Kaluga Tsiolkovsky Memorial op"]
[Site "Kaluga"]
[Date "2013.08.04"]
[Round "2"]
[White "Khajrutdinov, Ildar"]
[Black "Belousov, Danila"]
[Result "0-1"]
[WhiteElo "2094"]
[BlackElo "2336"]
[PlyCount "62"]
[EventDate "2013.08.03"]
[EventType "swiss"]
[EventRounds "9"]
[EventCountry "RUS"]
[SourceTitle "CBM 156 Extra"]
[Source "ChessBase"]
[SourceDate "2013.10.22"]
[SourceVersion "1"]
[SourceVersionDate "2013.10.22"]
[SourceQuality "1"]

1. d4 Nf6 2. c4 g6 3. Nc3 d5 4. Bg5 Bg7 5. Bxf6 Bxf6 6. cxd5 c6 7. e4 cxd5 8. Nxd5 Bg7 9. Bb5+ Nc6 10. Ne2 0-0 11. Rc1 Qa5+ 12. Qd2 Qxb5 13. Nc7 Qh5 14. Nxa8 Bh6 15. f4 Qh4+ 16. g3 Qh5 17. 0-0 Bg4 18. Rc5 e5 19. Nc7 Bxe2 20. Nd5 Bg7 21. Rf2 Nxd4 22. Ne7+ Kh8 23. Qe3 exf4 24. Qc1 fxg3 25. Rxh5 gxf2+ 26. Kxf2 Bxh5 27. Qc7 Nc6 28. Nd5 f5 29. Qxb7 fxe4+ 30. Ke1 Ne5 31. Ne3 Nd3+ 0-1

[Event "Kaluga Tsiolkovsky Memorial op"]
[Site "Kaluga"]
[Date "2013.08.03"]
[Round "1"]
[White "Polyakov, Mikhail"]
[Black "Khajrutdinov, Ildar"]
[Result "0-1"]
[WhiteElo "1586"]
[BlackElo "2094"]
[PlyCount "140"]
[EventDate "2013.08.03"]
[EventType "swiss"]
[EventRounds "9"]
[EventCountry "RUS"]
[SourceTitle "CBM 156 Extra"]
[Source "ChessBase"]
[SourceDate "2013.10.22"]
[SourceVersion "1"]
[SourceVersionDate "2013.10.22"]
[SourceQuality "1"]

1. e4 c5 2. Nf3 e6 3. d3 Nc6 4. g3 g6 5. Bg2 Bg7 6. 0-0 Nge7 7. Nbd2 0-0 8. Nb3 b6 9. c3 d5 10. Nh4 dxe4 11. dxe4 Ba6 12. Qxd8 Raxd8 13. Re1 c4 14. Nd2 Ne5 15. Bf1 Nd3 16. Bxd3 Rxd3 17. Nf1 Nc6 18. f4 Rfd8 19. Be3 Bb7 20. e5 Bf8 21. h3 R8d5 22. Nf3 Bc5 23. Bxc5 Rxc5 24. Ne3 Ne7 25. Nd4 Nd5 26. Kf2 b5 27. Rad1 Rxd1 28. Rxd1 a5 29. Nxd5 Bxd5 30. a3 Kf8 31. Ke3 Ke7 32. Nc2 Rc7 33. g4 Rc8 34. Rf1 Bg2 35. Rf2 Bxh3 36. Kf3 h5 37. gxh5 gxh5 38. Kg3 Bg4 39. Nd4 Rc5 40. Rd2 f6 41. exf6+ Kxf6 42. Nf3 Bxf3 43. Kxf3 Rd5 44. Rh2 Ke7 45. Ke4 Kd6 46. Rg2 h4 47. Rh2 Rh5 48. Kd4 h3 49. Ke4 Ke7 50. Kf3 Kf6 51. Kg4 Rd5 52. Kxh3 Kf5 53. Rf2 Rd3+ 54. Kg2 Ke4 55. Kh2 Rf3 56. Re2+ Re3 57. Rf2 Kd3 58. Kg1 Re1+ 59. Kg2 Re2 60. Kf3 Rxf2+ 61. Kxf2 Kc2 62. Ke3 Kxb2 63. Ke4 Kxc3 64. Ke5 Kb2 65. Kxe6 c3 66. f5 c2 67. f6 c1Q 68. f7 Qc5 69. Kf6 Qf8 70. Kg6 Kc3 0-1

[Event "Kostroma Volga Cup op"]
[Site "Kostroma"]
[Date "2009.07.??"]
[Round "1"]
[White "Khajrutdinov, Ildar"]
[Black "Korolev, Alexey"]
[Result "1-0"]
[WhiteElo "2192"]
[BlackElo "2114"]
[PlyCount "80"]
[EventDate "2009.07.03"]
[EventType "swiss"]
[EventRounds "9"]
[EventCountry "RUS"]
[SourceTitle "EXT 2021"]
[Source "ChessBase"]
[SourceDate "2020.10.23"]
[SourceVersion "1"]
[SourceVersionDate "2020.10.23"]
[SourceQuality "1"]

1. d4 Nf6 2. c4 g6 3. Nc3 d5 4. cxd5 Nxd5 5. e4 Nxc3 6. bxc3 Bg7 7. Nf3 0-0 8. Be2 c5 9. Rb1 cxd4 10. cxd4 Qa5+ 11. Qd2 Qxd2+ 12. Bxd2 Rd8 13. Be3 b6 14. 0-0 Bb7 15. d5 Rc8 16. Rfc1 Nd7 17. Bb5 Ne5 18. Nd4 a6 19. Be2 Rxc1+ 20. Rxc1 Rc8 21. Rxc8+ Bxc8 22. f4 Nd7 23. Nc6 Kf8 24. Bg4 b5 25. Na7 f5 26. Bf3 fxe4 27. Bg4 Nb6 28. Bxc8 Nxd5 29. Kf2 Nc3 30. Bxa6 Nxa2 31. Bxb5 Nc3 32. Bc6 e5 33. g3 exf4 34. gxf4 Kf7 35. Nb5 Nxb5 36. Bxb5 Ke6 37. Bc6 Bc3 38. Bxe4 Kf6 39. Bb6 h6 40. Bd8+ Kf7 1-0

[Event "Kostroma Volga Cup op"]
[Site "Kostroma"]
[Date "2009.07.??"]
[Round "5"]
[White "Khajrutdinov, Ildar"]
[Black "Vavulin, Maksim"]
[Result "1/2-1/2"]
[WhiteElo "2192"]
[BlackElo "1983"]
[PlyCount "65"]
[EventDate "2009.07.03"]
[EventType "swiss"]
[EventRounds "9"]
[EventCountry "RUS"]
[SourceTitle "EXT 2021"]
[Source "ChessBase"]
[SourceDate "2020.10.23"]
[SourceVersion "1"]
[SourceVersionDate "2020.10.23"]
[SourceQuality "1"]

1. d4 Nf6 2. c4 g6 3. Nc3 Bg7 4. e4 0-0 5. Nf3 d6 6. Be2 e5 7. 0-0 Nc6 8. d5 Ne7 9. Ne1 Nd7 10. Nd3 f5 11. Bd2 fxe4 12. Nxe4 Nf5 13. Bg4 Nf6 14. Nxf6+ Qxf6 15. f3 e4 16. fxe4 Qd4+ 17. Nf2 Ne3 18. Bxe3 Qxe3 19. Bf3 Bxb2 20. Rb1 Be5 21. Qc1 Qxc1 22. Rbxc1 Bd4 23. Kh1 c5 24. dxc6 bxc6 25. Nd3 Rb8 26. e5 dxe5 27. Rfe1 Re8 28. Bxc6 Re7 29. h3 Kg7 30. Rc2 Bf5 31. Be4 Kf6 32. g4 Bd7 33. Kg2 1/2-1/2

[Event "Kostroma Volga Cup op"]
[Site "Kostroma"]
[Date "2009.07.??"]
[Round "6"]
[White "Malygin, Artem"]
[Black "Khajrutdinov, Ildar"]
[Result "1-0"]
[WhiteElo "2088"]
[BlackElo "2192"]
[PlyCount "53"]
[EventDate "2009.07.03"]
[EventType "swiss"]
[EventRounds "9"]
[EventCountry "RUS"]
[SourceTitle "EXT 2021"]
[Source "ChessBase"]
[SourceDate "2020.10.23"]
[SourceVersion "1"]
[SourceVersionDate "2020.10.23"]
[SourceQuality "1"]

1. d4 Nf6 2. c4 e6 3. Nf3 b6 4. a3 Bb7 5. Nc3 d5 6. cxd5 Nxd5 7. e3 Be7 8. Bb5+ c6 9. Bd3 0-0 10. Qc2 h6 11. 0-0 Nd7 12. e4 Nxc3 13. bxc3 c5 14. Qe2 Qc7 15. Bb2 Rac8 16. Rad1 e5 17. dxe5 Nxe5 18. Nxe5 Qxe5 19. f4 Qc7 20. c4 Rfe8 21. Qg4 Bf8 22. f5 Re5 23. Bxe5 Qxe5 24. f6 g6 25. Bb1 Re8 26. Rf5 Qb2 27. Qxg6+ 1-0

[Event "Kostroma Volga Cup op"]
[Site "Kostroma"]
[Date "2009.07.??"]
[Round "2"]
[White "Smirnova, Ekaterina"]
[Black "Khajrutdinov, Ildar"]
[Result "1/2-1/2"]
[WhiteElo "1778"]
[BlackElo "2192"]
[PlyCount "151"]
[EventDate "2009.07.03"]
[EventType "swiss"]
[EventRounds "9"]
[EventCountry "RUS"]
[SourceTitle "EXT 2021"]
[Source "ChessBase"]
[SourceDate "2020.10.23"]
[SourceVersion "1"]
[SourceVersionDate "2020.10.23"]
[SourceQuality "1"]

1. e4 c5 2. c3 Nf6 3. e5 Nd5 4. Nf3 e6 5. d4 cxd4 6. cxd4 b6 7. Bd3 Bb7 8. 0-0 d6 9. Nc3 Nxc3 10. bxc3 Qc7 11. Qe2 Nd7 12. Bf4 Be7 13. c4 0-0 14. Rfe1 Rfd8 15. Ng5 Nf8 16. Qh5 Bxg5 17. Bxg5 Rd7 18. Bf4 d5 19. Rac1 Qc6 20. c5 Qa4 21. Qd1 Bc6 22. Qxa4 Bxa4 23. Rc3 Rc7 24. Rec1 b5 25. Rb1 a6 26. Kf1 Ng6 27. Bc1 Ne7 28. Be3 Nc6 29. Ra3 Na5 30. Ke2 Nc6 31. f4 g6 32. g4 Kf8 33. f5 Ke8 34. fxe6 fxe6 35. Rf1 Rf7 36. Rxf7 Kxf7 37. Kd2 Ke7 38. Bg5+ Kd7 39. Ke3 Rf8 40. Bf6 Nb4 41. h3 Bc2 42. Be2 Ba4 43. Bd3 Kc6 44. Kd2 Rf7 45. h4 Kb7 46. Bb1 Nc6 47. Ke3 Bd1 48. g5 a5 49. Rd3 Bg4 50. Rb3 b4 51. Bd3 Rf8 52. Bb5 Rb8 53. Ba4 Bd1 54. Bxc6+ Kxc6 55. Rb1 Bc2 56. Rb2 Be4 57. Kd2 Kb5 58. Ke3 Kc4 59. Be7 Rc8 60. Rf2 a4 61. Rf8 Rc6 62. Ra8 Kb5 63. Rb8+ Kc4 64. Ra8 Kb5 65. Rb8+ Ka5 66. Ra8+ Ra6 67. Rb8 a3 68. Rb6 Bb1 69. Rxa6+ Kxa6 70. c6 b3 71. Bxa3 bxa2 72. Bb2 Kb6 73. Kd2 Kxc6 74. Kc3 Kb5 75. Ba1 Ka4 76. Bb2 1/2-1/2